=LDR 00000nam 2200000 4500 =001 INLIS000000000048667 =005 20221109091803 =035 ##$$a 0010-121600000000053 =008 221109################g##########0#ind## =040 ##$$a NBPDMAT =082 ##$$a 028.5 =090 ##$$a 028.5$bWin j =100 ##$$a Winkanda Satria Putra =245 1#$$a Jadi anak cerdas yuk! /$c / Winkanda Satria Putra, Rika Kusumawati =260 ##$$a Yogyakarta :$b Nyo-Nyo,$c 2013 =300 ##$$a 60 hlm. : $b ilus. ; $c 28 cm =650 #4$$a Bacaan Anak-anak =700 #$$a Rika Kusumawati =850 ##$$a NBPDMAT =020 ##$$a 978-979-29-4063-3 =084 ##$$a 028.5 WIN j =990 ##$$a 21600665 =990 ##$$a 21600666 =990 ##$$a 21600667 =990 ##$$a 21600668 =990 ##$$a 21600669 =990 ##$$a 21600669 =990 ##$$a 21600665 =990 ##$$a 21600666 =990 ##$$a 21600667 =990 ##$$a 21600668 =990 ##$$a 21600668 =990 ##$$a 21600665 =990 ##$$a 21600666 =990 ##$$a 21600667 =990 ##$$a 21600669 =990 ##$$a 21600667 =990 ##$$a 21600665 =990 ##$$a 21600666 =990 ##$$a 21600668 =990 ##$$a 21600669 =990 ##$$a 21600666 =990 ##$$a 21600665 =990 ##$$a 21600667 =990 ##$$a 21600668 =990 ##$$a 21600669 =990 ##$$a 21600665 =990 ##$$a 21600666 =990 ##$$a 21600667 =990 ##$$a 21600668 =990 ##$$a 21600669